| 000 | 00424nam a2200181Ia 4500 | ||
|---|---|---|---|
| 005 | 20240704112404.0 | ||
| 008 | 131103s9999 xx 000 0 und d | ||
| 040 | _aLoreto College | ||
| 041 | _aEnglish | ||
| 082 |
_a745 _bJAC |
||
| 100 | _aJackson, Brenda B. | ||
| 245 |
_aModels from junk _cBrenda B. Jackson |
||
| 260 |
_aLondon _bEvans _c1973 |
||
| 300 | _a64p | ||
| 650 | _aCraft | ||
| 850 | _aLCBED | ||
| 942 | _cBK | ||
| 999 |
_c31789 _d82268 |
||